[Event "RUS-ch Eurasia Cup op"]
[Site "Ekaterinburg"]
[Date "2018.08.09"]
[Round "8"]
[White "Korolkov, Evgeni"]
[Black "Obgolts, Erik"]
[Result "1/2-1/2"]
[WhiteElo "1957"]
[BlackElo "2334"]
[PlyCount "57"]
[EventDate "2018.08.01"]
[EventType "swiss"]
[EventRounds "9"]
[EventCountry "RUS"]
[SourceTitle "CBM 185 Extra"]
[Source "ChessBase"]
[SourceDate "2018.07.29"]
[SourceVersion "1"]
[SourceVersionDate "2018.07.29"]
[SourceQuality "1"]

1. Nf3 Nf6 2. c4 g6 3. Nc3 Bg7 4. e4 d6 5. d4 0-0 6. Be2 Bg4 7. Be3 Nfd7 8. Qb3 Bxf3 9. Bxf3 Nc6 10. e5 Rb8 11. e6 fxe6 12. 0-0-0 e5 13. Bd5+ Kh8 14. dxe5 Ndxe5 15. h4 Na5 16. Qc2 Naxc4 17. h5 Nxe3 18. fxe3 e6 19. Bxe6 Qe7 20. Bb3 Ng4 21. hxg6 h6 22. Bf7 Qxe3+ 23. Kb1 Ne5 24. Rde1 Qg5 25. Ne4 Qe7 26. Ng3 Qg5 27. Ne4 Qe7 28. Ng3 Qg5 29. Ne4 1/2-1/2

[Event "Urals-ch 72nd"]
[Site "Tiumen"]
[Date "2014.03.22"]
[Round "3"]
[White "Korolkov, Evgeni"]
[Black "Zakharov, Sergei D"]
[Result "0-1"]
[WhiteElo "1975"]
[BlackElo "2221"]
[PlyCount "80"]
[EventDate "2014.03.20"]
[EventType "swiss"]
[EventRounds "9"]
[EventCountry "RUS"]
[SourceTitle "CBM 159 Extra"]
[Source "ChessBase"]
[SourceDate "2014.04.24"]
[SourceVersion "1"]
[SourceVersionDate "2014.04.24"]
[SourceQuality "1"]

1. e4 e6 2. d4 d5 3. Nc3 Nf6 4. Bg5 Be7 5. e5 Ne4 6. Bxe7 Nxc3 7. bxc3 Qxe7 8. a4 0-0 9. Nf3 c5 10. Bd3 c4 11. Be2 Nc6 12. 0-0 f6 13. exf6 Qxf6 14. Qd2 Bd7 15. Rfe1 Rf7 16. Bf1 Raf8 17. Re2 h6 18. Rae1 g5 19. h3 b6 20. Re3 Qf4 21. R1e2 Rg7 22. g3 Qd6 23. Qc1 Rf5 24. Bg2 Qf8 25. Ne5 Nxe5 26. Rxe5 Rgf7 27. Qe1 R5f6 28. R5e3 Kg7 29. Re5 Qd6 30. Qa1 a5 31. Qe1 Qa3 32. Rxe6 Bxe6 33. Rxe6 Rxf2 34. Qe5+ Kh7 35. Qxd5 Qc1+ 36. Kh2 Qxc2 37. Qe4+ Qxe4 38. Rxe4 Rc2 39. Kg1 Rc1+ 40. Kh2 Rf2 0-1

[Event "Urals-ch 72nd"]
[Site "Tiumen"]
[Date "2014.03.20"]
[Round "1"]
[White "Korolkov, Evgeni"]
[Black "Pridorozhni, Aleksei"]
[Result "0-1"]
[WhiteElo "1975"]
[BlackElo "2519"]
[PlyCount "70"]
[EventDate "2014.03.20"]
[EventType "swiss"]
[EventRounds "9"]
[EventCountry "RUS"]
[SourceTitle "CBM 159 Extra"]
[Source "ChessBase"]
[SourceDate "2014.04.24"]
[SourceVersion "1"]
[SourceVersionDate "2014.04.24"]
[SourceQuality "1"]

1. e4 c5 2. Nf3 Nc6 3. Bb5 g6 4. Bxc6 bxc6 5. 0-0 Bg7 6. e5 f6 7. Re1 fxe5 8. Nxe5 d6 9. Nc4 Nf6 10. d3 0-0 11. h3 Nd5 12. Bg5 h6 13. Bh4 Rb8 14. c3 g5 15. Bg3 Nf4 16. Qc2 Bf5 17. Bxf4 gxf4 18. Qe2 e5 19. Nbd2 Qc7 20. Nb3 Rbe8 21. Ncd2 Re6 22. Ne4 Rg6 23. Qf3 Qe7 24. Kf1 c4 25. dxc4 d5 26. cxd5 cxd5 27. Nec5 e4 28. Qh5 f3 29. Qxf3 Qxc5 30. Qxe4 Qxf2+ 31. Kxf2 Bxe4+ 32. Ke3 Rg3+ 33. Kd2 Rf2+ 34. Re2 Rxe2+ 35. Kxe2 Rxg2+ 0-1

[Event "Ekaterinburg UrFO-ch"]
[Site "Ekaterinburg"]
[Date "2008.03.22"]
[Round "8"]
[White "Menshikov, Alexander"]
[Black "Korolkov, Evgeni"]
[Result "1-0"]
[WhiteElo "2171"]
[BlackElo "1985"]
[PlyCount "93"]
[EventDate "2008.03.15"]
[EventType "swiss"]
[EventRounds "9"]
[EventCountry "RUS"]
[SourceTitle "EXT 2009"]
[Source "ChessBase"]
[SourceDate "2008.11.26"]
[SourceVersion "1"]
[SourceVersionDate "2008.11.26"]
[SourceQuality "1"]

1. e4 c5 2. c3 e6 3. d4 d5 4. e5 Nc6 5. Nf3 Qb6 6. a3 Bd7 7. b4 cxd4 8. cxd4 Rc8 9. Be3 Nge7 10. Bd3 Nf5 11. Bxf5 exf5 12. 0-0 Be7 13. Nc3 Be6 14. Na4 Qd8 15. Nc5 b6 16. Nd3 g5 17. b5 Na5 18. Bd2 g4 19. Nfe1 Nc4 20. Bb4 Bg5 21. Ra2 Rc7 22. a4 a5 23. bxa6 Ra7 24. Nc2 Rxa6 25. Na3 Bd7 26. Qe2 Be7 27. Nxc4 dxc4 28. Bxe7 Qxe7 29. Nf4 0-0 30. Nd5 Qd8 31. Nf6+ Kg7 32. Qxc4 b5 33. Qc1 h6 34. a5 b4 35. Qb2 Bb5 36. Rfa1 Qe7 37. Nd5 Qb7 38. Nxb4 Bc4 39. Nxa6 Qxa6 40. Ra3 Bd5 41. Qb6 Qc8 42. a6 Qc2 43. Qb1 Qc8 44. a7 Ba8 45. Ra6 Rd8 46. Qb6 Rh8 47. Qf6+ 1-0

[Event "Ekaterinburg UrFO-ch"]
[Site "Ekaterinburg"]
[Date "2008.03.17"]
[Round "3"]
[White "Korolkov, Evgeni"]
[Black "Zakharov, Sergei D"]
[Result "0-1"]
[WhiteElo "1985"]
[BlackElo "2385"]
[PlyCount "104"]
[EventDate "2008.03.15"]
[EventType "swiss"]
[EventRounds "9"]
[EventCountry "RUS"]
[SourceTitle "EXT 2009"]
[Source "ChessBase"]
[SourceDate "2008.11.26"]
[SourceVersion "1"]
[SourceVersionDate "2008.11.26"]
[SourceQuality "1"]

1. e4 e6 2. d4 d5 3. Nc3 Nf6 4. Bg5 Be7 5. e5 Nfd7 6. h4 a6 7. Qg4 Bxg5 8. hxg5 g6 9. Bd3 c5 10. f4 cxd4 11. Nce2 Qa5+ 12. Kf1 Nc6 13. Rh6 Qb4 14. b3 Nc5 15. Qh3 Bd7 16. a3 Qb6 17. b4 Nxd3 18. Qxd3 a5 19. b5 Ne7 20. Qxd4 Qxb5 21. Rh3 Nf5 22. Qd2 d4 23. Nf3 Qb2 24. Rc1 Bb5 25. c4 dxc3 26. Rxc3 Qxd2 27. Nxd2 Nd4 28. Nc4 Nxe2 29. Kxe2 Rc8 30. Kd3 Ke7 31. Kd4 Bxc4 32. Rxc4 Rhd8+ 33. Kc3 b5 34. Rxc8 Rxc8+ 35. Kb2 Rc4 36. Rf3 b4 37. g3 Rd4 38. Kb3 bxa3 39. Kxa3 Kf8 40. Kb3 Kg7 41. Rc3 h6 42. gxh6+ Kxh6 43. Rc7 Kg7 44. Ra7 Rd3+ 45. Kc2 Rxg3 46. Kd2 Ra3 47. Ke2 Ra1 48. Kd2 a4 49. Kc2 a3 50. Ra4 Rf1 51. Rxa3 Rxf4 52. Re3 Rd4 0-1